000 00675nab a2200205 4500
003 BR-BrBNA
005 20250731235049.0
008 250731b bl.||||| |||| 00| 0 por d
040 _aBR-BrBNA
_bpor
072 _aE50 ; B50 ; E70
100 _aCosta, Fátima
245 _aUma viagem no tempo
_bEstilo no Campo
500 _a8 illus.
650 _aTURISMO RURAL
650 _aHISTÓRIA
650 _aCOMERCIALIZAÇÃO
773 0 _01706
_9347987
_dSão Paulo-SP Editora Três Ltda - E-mail: luizfsa@revistadinheiro.com.br 2004
_o2025-0483
_tDinheiro Rural (Brazil)
_x1807-3700
_gv. 7(79) p. 86-88; (May 2011)
_wBR2025001973
942 _cANA
999 _c337421
_d337421